000 00298nam a22001337a 4500
008 170524b xxu||||| |||| 00| 0 eng d
020 _a070022422-X
041 _aeng
080 _23RD
_a621
100 _a26
101 _aIM
245 _aPRINCIPLES OF HEAT TRANSFER
_cKREITH, F
942 _2udc
_cBK
999 _c14182
_d14182